| 000 | 01487nam a22003855a 4500 | ||
|---|---|---|---|
| 999 |
_c9162 _d9162 |
||
| 003 | EG-ScBUE | ||
| 005 | 20191221095506.0 | ||
| 006 | m||||fq||h 00| 0 | ||
| 008 | 080806t2003 nyua f d 000 0 eng d | ||
| 020 | _a0194366243 | ||
| 020 | _a9780194366243 | ||
| 020 | _a0194366359 | ||
| 020 | _a9780194366359 | ||
| 040 |
_aEG-ScBUE _beng _erda _cEG-ScBUE _dEG-ScBUE _dEG-ScBUE |
||
| 082 | 0 | 4 |
_a428.24 _bBLA _222 |
| 100 | 1 |
_aBland, Susan Kesner, _eauthor. _926559 |
|
| 245 | 1 | 0 |
_aGrammar sense. _n3 / _cSusan Kesner Bland. |
| 264 | 1 |
_aNew York ; _aOxford : _bOxford UNiversity Press, _c[2003] |
|
| 264 | 4 | _cc 2003 | |
| 300 |
_a1 volume (various pagings) : _billustrations ; _c24 cm + _e1 CD |
||
| 336 |
_2rdacontent _atext _btxt |
||
| 336 |
_2rdacontent _asounds _bsnd |
||
| 337 |
_2rdamedia _aunmediated _bn |
||
| 337 |
_2rdamedia _aaudio _bs |
||
| 338 |
_2rdacarrier _avolume _bnc |
||
| 338 |
_2rdacarrier _acomputer disc _bcd |
||
| 500 | _aIncludes glossary. | ||
| 520 | _aA discourse-based approach encourages communication beyond the sentence level and shows how language is used in the real world. Guided exercises lead students into the grammar, fostering independent learning. | ||
| 590 | _aamira yasser | ||
| 650 | 7 |
_aEnglish language _vTextbooks for foreign speakers. _2BUEsh _926561 |
|
| 650 | 7 |
_aEnglish language _xGrammar _vProblems, exercises, etc. _2BUEsh _926562 |
|
| 653 |
_cAugust2015 _bHHUUEENN |
||
| 655 | _vReading book | ||
| 942 |
_cBB _k428.24 BLA _2ddc |
||